000 00439nam a2200169Ia 4500
005 20260330110349.0
008 260330s9999||||xx |||||||||||||| ||und||
020 _a9583023781
041 _aspa
100 _aCarmela Cipriani
245 0 _aSeñor Despertador, Señor Sueño /
_cCarmela Cipriani
250 _a1 ed.
260 _aBogotá, Colombia :
_bEditorial Panamericana.
_c2006
300 _a36 p.
650 _aCUENTO
942 _cBKL
999 _c899
_d899